| 000 | 01299nam a2200361Ia 4500 | ||
|---|---|---|---|
| 001 | ebr10523585 | ||
| 003 | CaPaEBR | ||
| 006 | m u | ||
| 007 | cr cn||||||||| | ||
| 008 | 090924s2010 nju sb 001 0 eng d | ||
| 010 | _z 2009038368 | ||
| 020 | _z0813547628 | ||
| 020 | _z0813547636 | ||
| 020 | _z9780813547626 | ||
| 020 | _z9780813547633 | ||
| 020 | _z9780813549750 | ||
| 040 |
_aCaPaEBR _cCaPaEBR |
||
| 035 | _a(OCoLC)772000548 | ||
| 050 | 1 | 4 |
_aHQ1090 _b.K545 2010eb |
| 082 | 0 | 4 |
_a305.31 _222 |
| 100 | 1 | _aKimmel, Michael S. | |
| 245 | 1 | 0 |
_aMisframing men _h[electronic resource] : _bthe politics of contemporary masculinities / _cMichael Kimmel. |
| 260 |
_aNew Brunswick, N.J. : _bRutgers University Press, _cc2010. |
||
| 300 | _axi, 242 p. | ||
| 504 | _aIncludes bibliographical references and index. | ||
| 533 |
_aElectronic reproduction. _bPalo Alto, Calif. : _cebrary, _d2012. _nAvailable via World Wide Web. _nAccess may be limited to ebrary affiliated libraries. |
||
| 650 | 0 |
_aMen _xIdentity. |
|
| 650 | 0 | _aMasculinity. | |
| 650 | 0 | _aMen in mass media. | |
| 655 | 7 |
_aElectronic books. _2local |
|
| 710 | 2 | _aebrary, Inc. | |
| 856 | 4 | 0 |
_uhttp://site.ebrary.com/lib/rucke/Doc?id=10523585 _zAn electronic book accessible through the World Wide Web; click to view |
| 999 |
_c142841 _d142841 |
||